000 00479nam a2200169Ia 4500
005 20250508163448.0
008 008 250505s9999 xx 000 0 eng d
037 _aTextual
040 _aFEDL
_beng
_cFEDL
041 _aeng
_2eng
084 _a779.954, NAW
_qFEDL
100 _aNawrath Ernst Alfred
_9775376
245 0 _aGlories of hindustan
260 _aLondon, UK
_bMethuen and Co. Ltd.
_c1935
942 _cTEXL
_h779.954, NAW
999 _c1383443
_d1383443